Entrepreneurship development in India / (Record no. 3029)
[ view plain ]
| 000 -LEADER | |
|---|---|
| fixed length control field | 03424cam a22005898i 4500 |
| 006 - FIXED-LENGTH DATA ELEMENTS--ADDITIONAL MATERIAL CHARACTERISTICS--GENERAL INFORMATION | |
| fixed length control field | m o d |
| 007 - PHYSICAL DESCRIPTION FIXED FIELD--GENERAL INFORMATION | |
| fixed length control field | cr ||||||||||| |
| 008 - FIXED-LENGTH DATA ELEMENTS--GENERAL INFORMATION | |
| fixed length control field | 210205s2021 nyu ob 001 0 eng |
| 040 ## - CATALOGING SOURCE | |
| Original cataloging agency | IMU Kochi Library |
| Language of cataloging | eng |
| 040 ## - CATALOGING SOURCE | |
| Original cataloging agency | |
| Language of cataloging | eng |
| Description conventions | rda |
| 020 ## - INTERNATIONAL STANDARD BOOK NUMBER | |
| International Standard Book Number | 9781003165996 |
| Qualifying information | (ebook) |
| 020 ## - INTERNATIONAL STANDARD BOOK NUMBER | |
| International Standard Book Number | 1003165990 |
| 020 ## - INTERNATIONAL STANDARD BOOK NUMBER | |
| International Standard Book Number | 9781000412024 |
| Qualifying information | (electronic bk. : PDF) |
| 020 ## - INTERNATIONAL STANDARD BOOK NUMBER | |
| International Standard Book Number | 1000412024 |
| Qualifying information | (electronic bk. : PDF) |
| 020 ## - INTERNATIONAL STANDARD BOOK NUMBER | |
| International Standard Book Number | 9781000412055 |
| Qualifying information | (electronic bk. : EPUB) |
| 020 ## - INTERNATIONAL STANDARD BOOK NUMBER | |
| International Standard Book Number | 1000412059 |
| Qualifying information | (electronic bk. : EPUB) |
| 020 ## - INTERNATIONAL STANDARD BOOK NUMBER | |
| Qualifying information | (hardback) |
| 020 ## - INTERNATIONAL STANDARD BOOK NUMBER | |
| Qualifying information | (paperback) |
| 041 0# - LANGUAGE CODE | |
| Language code of text/sound track or separate title | eng |
| 072 #7 - SUBJECT CATEGORY CODE | |
| Subject category code | BUS |
| Subject category code subdivision | 025000 |
| Source | bisacsh |
| 072 #7 - SUBJECT CATEGORY CODE | |
| Subject category code | BUS |
| Subject category code subdivision | 035000 |
| Source | bisacsh |
| 072 #7 - SUBJECT CATEGORY CODE | |
| Subject category code | BUS |
| Subject category code subdivision | 092000 |
| Source | bisacsh |
| 072 #7 - SUBJECT CATEGORY CODE | |
| Subject category code | KC |
| Source | bicssc |
| 082 00 - DEWEY DECIMAL CLASSIFICATION NUMBER | |
| Classification number | 338/.040954 |
| Edition number | 23 |
| 100 1# - MAIN ENTRY--PERSONAL NAME | |
| Personal name | Biswas, Debasish, |
| 245 10 - TITLE STATEMENT | |
| Title | Entrepreneurship development in India / |
| 300 ## - PHYSICAL DESCRIPTION | |
| Extent | 1 online resource. |
| 490 0# - SERIES STATEMENT | |
| Series statement | Routledge focus on business and management |
| 520 ## - SUMMARY, ETC. | |
| Summary, etc | "Entrepreneurship development is a major area of focus today as it has huge potential in creating jobs and self-employability and thus contributing to economic development. India, in the last few years in particular, has seen exponential growth of start-ups and new age entrepreneurs. Both the Central and State Governments have been taking proactive steps towards the development of entrepreneurship in the country. The Government has launched various schemes and programs to attract investors and creating a healthy ecosystem for entrepreneurship. India is one of the largest homes of start-ups in the world and has been highly successful in bringing significant amount of Foreign Direct Investment (FDI). Moreover, the Government is taking active steps in removal of the bureaucratic hurdles and bottlenecks so that entrepreneurship development is encouraged. In order to promote the culture of entrepreneurship development, the subject has been made part of the curriculum at both undergraduate and postgraduate levels across disciplines. This book is a sincere attempt to build the fundamentals of the subject amongst the students alongside motivating them to become future entrepreneurs. It will be of interest to researchers, academics, and students in the fields of business administration, management, and entrepreneurship"-- |
| 650 #0 - SUBJECT ADDED ENTRY--TOPICAL TERM | |
| Topical term or geographic name as entry element | Small business |
| Geographic subdivision | India. |
| 650 #0 - SUBJECT ADDED ENTRY--TOPICAL TERM | |
| Topical term or geographic name as entry element | Entrepreneurship |
| Geographic subdivision | India. |
| 650 #0 - SUBJECT ADDED ENTRY--TOPICAL TERM | |
| Topical term or geographic name as entry element | New business enterprises |
| Geographic subdivision | India. |
| 650 #0 - SUBJECT ADDED ENTRY--TOPICAL TERM | |
| Topical term or geographic name as entry element | Industrial policy |
| Geographic subdivision | India. |
| 650 #0 - SUBJECT ADDED ENTRY--TOPICAL TERM | |
| Topical term or geographic name as entry element | Economic development |
| Geographic subdivision | India. |
| 650 #7 - SUBJECT ADDED ENTRY--TOPICAL TERM | |
| Topical term or geographic name as entry element | BUSINESS & ECONOMICS / Entrepreneurship |
| Source of heading or term | bisacsh |
| 650 #7 - SUBJECT ADDED ENTRY--TOPICAL TERM | |
| Topical term or geographic name as entry element | BUSINESS & ECONOMICS / International / General |
| Source of heading or term | bisacsh |
| 650 #7 - SUBJECT ADDED ENTRY--TOPICAL TERM | |
| Topical term or geographic name as entry element | BUSINESS & ECONOMICS / Development / General |
| Source of heading or term | bisacsh |
| 700 1# - ADDED ENTRY--PERSONAL NAME | |
| Personal name | Dey, Chanchal, |
| Relator term | |
| 856 40 - ELECTRONIC LOCATION AND ACCESS | |
| Uniform Resource Identifier | <a href="https://www.taylorfrancis.com/books/9781003165996">https://www.taylorfrancis.com/books/9781003165996</a> |
| 856 42 - ELECTRONIC LOCATION AND ACCESS | |
| Uniform Resource Identifier | <a href="http://www.oclc.org/content/dam/oclc/forms/terms/vbrl-201703.pdf">http://www.oclc.org/content/dam/oclc/forms/terms/vbrl-201703.pdf</a> |
| 904 ## - LOCAL DATA ELEMENT D, LDD (RLIN) | |
| CATALOGER | Rudra Ranjan |
| 905 ## - LOCAL DATA ELEMENT E, LDE (RLIN) | |
| VERIFIER | Rudra Ranjan |
| 942 ## - ADDED ENTRY ELEMENTS (KOHA) | |
| Item type | E-Book |
| 264 #1 - | |
| -- | New York, NY : |
| -- | Routledge, |
| -- | 2021. |
| 336 ## - | |
| -- | text |
| -- | txt |
| -- | rdacontent |
| 337 ## - | |
| -- | computer |
| -- | c |
| -- | rdamedia |
| 338 ## - | |
| -- | online resource |
| -- | cr |
| -- | rdacarrier |
| 520 ## - SUMMARY, ETC. | |
| -- | Provided by publisher. |
| 588 ## - | |
| -- | OCLC-licensed vendor bibliographic record. |
No items available.